• 首页
  • 本馆介绍
  • 公告通知
  • 最新文献
  • 馆藏检索
  • 电子资源
  • 读者导购
  • 参考咨询
  • 我的图书馆
  • 登录
  • 详细信息显示
  • 放入我的书架
  • 预约/预借图书
  • 作者相关作品
  • 分类相关作品
  • 丛书相关作品
  • 出版社相关作品

书目信息

  • 表格格式
  • 工作单格式
  • 卡片格式
题名:
现代建筑装修详图集锦
    
 
作者: 荆其敏 编绘
分册:  
出版信息: 天津   天津科学技术出版社  1984
页数: 192页
开本: 25cm
丛书名:
单 册:
中图分类: TU22
科图分类:
主题词: 建筑构造--结构设计
电子资源:
ISBN:
000 00659nam0 2200241 45
001 0184011478
005 20040517093418.7
010    @dCNY3.25
091    @a15212.142
100    @a19950403d1984 em y0chiy0121 ea
101 0  @achi
102    @aCN@b120000
105    @ae z 000yy
106    @ar
200 10 @a现代建筑装修详图集锦@Axian dai jian zhu zhuang xiu xiang tu ji jin@f荆其敏编绘
210    @a天津@c天津科学技术出版社@d1984
215    @a192页@d25cm
606 0  @a建筑构造@x结构设计
690    @aTU22
701  0 @a荆其敏@Ajing qi min@4编绘
801  0 @aCN@b上海图书馆@c20040517
801  2 @aCN@bNLC@c20040517
905    @f4@b125044-047@dTU22@e82
    
    现代建筑装修详图集锦/荆其敏编绘.-天津:天津科学技术出版社,1984
    192页;25cm
    
    
    ISBN :CNY3.25
    
●
相关链接 在E读中查询图书 在五车中查询图书 在当当中查询图书 在豆瓣中查询图书


正题名:现代建筑装修详图集锦     索取号:TU22/82         预约/预借

序号 登录号 条形码 馆藏地/架位号 状态 备注
1 0125044   001485342   第三借阅区/ [索取号:TU22/82] 在馆    
2 0125045   001485360   密集书库/ [索取号:TU22/82] 在馆    
3 0125046   001485299   密集书库/ [索取号:TU22/82] 在馆    
4 0125047   001485306   密集书库/ [索取号:TU22/82] 在馆    
5 0125048   001485351   第二样本阅览室/ [索取号:TU22/82] 在馆    
唐山师范学院图书馆 欢迎您!
大连网信软件有限公司© 版权所有